Culture Générale - Série 1562 - Statistiques

Statistiques générales
  • Ce quiz a été pris 128 fois
  • Le résultat moyen est 6 sur 10
Statistiques - réponses
Question Réponse % Correct
Qu'est-ce qui peut-être "magnétique", "d'honneur" ou "de bataille" ? champ
88%
En 1885, qui découvrit le vaccin contre la rage ? Louis Pasteur
82%
Quel est le chef-lieu du département du Calvados ? Caen
80%
En 1988, quel réalisateur dirige Jean Reno dans le rôle d'Enzo Molinari, dans le film "Le grand bleu" ? Luc Besson
77%
Selon les tests officiels de l'école du ski français, quelle récompense suit directement le flocon ? La première étoile
65%
Dans quel pays d'Europe le champion de judo Thierry Rey est-il né ? Belgique
51%
Au Moyen Âge, quel nom donnait-on au registre du parlement de Paris, dont l'anagramme est "milo" ? olim
44%
Quel cinéaste (initiales CS), est le réalisateur du film "Un coeur en hiver", sorti en 1992 ? Claude Sautet
32%
Quel inspecteur Jean Poiret a-t-il incarné dans des films de Claude Chabrol en 1985 et 1986 ? Jean Lavardin
29%
Comment appelle-t-on un chant à plusieurs voix, art qui a connu son âge d'or au XVIe siècle, grâce notamment au compositeur Roland de Lassus ? polyphonie
13%
Aucun quiz correspondant
Distribution des résultats
% des personnes avec chaque résultat
Percentile par nombre de réponses
Votre historique - résultats
Vous n’avez pas pris ce quiz